Deti poznajú značku

Obľúbené značky produktov detí v Nemecku. Prieskum obľúbenosti nákupných stredísk. Rozhodovanie detí pri nákupe. Najobľúbenejšie produkty u detí.

Gespeichert in:
Bibliographische Detailangaben
Format: Buch
Sprache:Slowakisch
Schlagworte:
Tags: Tag hinzufügen
Keine Tags, Fügen Sie das erste Tag hinzu!

MARC

LEADER 00000nam a2200000 4500
001 r030136
005 20230922094641.0
041 0 |a slo 
044 |a SK 
245 1 0 |a Deti poznajú značku 
520 |a Obľúbené značky produktov detí v Nemecku. Prieskum obľúbenosti nákupných stredísk. Rozhodovanie detí pri nákupe. Najobľúbenejšie produkty u detí. 
610 2 0 |a prieskum spotrebiteľský 
610 2 0 |a deti 
610 2 0 |a Nemecko 
610 2 0 |a produkty 
610 2 0 |a strediská nákupné 
610 2 0 |a značky výrobné